00471cam a22001337a 4500008004000000082001700040100001800057245014700075260003700222300001000259650003000269700002200299700001600321180718b1982 xxu||||| |||| 00| 0 eng d aB136x54 V883 aVolken, Henry aLearning from the rural poor: shared experiences of the mobile orientation and training teamcby Henry Volken, Ajoy Kumar and Sara Kaithathara aDelhibIndian Social Inst.c1982 a114p. aRural development - India aKaithathara, Sara aKumar, Ajoy